| 000 | 00531cam a2200181ua 4500 | ||
|---|---|---|---|
| 001 | 2021 | ||
| 008 | 110806n ii |||gr||||Z||||||eng | ||
| 040 | _cMAIN | ||
| 082 | _a370.1 | ||
| 100 |
_aRai, B. C., _eAuthor. |
||
| 245 | 1 |
_aTheory of Education sociological & philosophical bases of education _cby B. C. Rai |
|
| 250 | _a1st. | ||
| 260 |
_alucknow: _bPrakashan Kendra,979. |
||
| 300 |
_axvi; 381p: _c23cm. |
||
| 653 | _aEducation | ||
| 653 | _aTheory of Education sociological & philosophical bases of education | ||
| 942 | _cBK | ||
| 999 |
_c1892 _d1892 |
||